Normal view
MARC view
Entry Corporate Name
001 - CONTROL NUMBER
- control field: 246158
003 - CONTROL NUMBER IDENTIFIER
- control field: OSt
005 - DATE AND TIME OF LATEST TRANSACTION
- control field: 20220925174157.0
008 - FIXED-LENGTH DATA ELEMENTS
- fixed length control field: 220925|| aca||aabn | a|a d
040 ## - CATALOGING SOURCE
- Original cataloging agency: OSt
- Transcribing agency: OSt
110 ## - HEADING--CORPORATE NAME
- Corporate name or jurisdiction name as entry element: Seminar on Exports of Machine Tools (Calcutta India)
670 ## - SOURCE DATA FOUND
- Source citation: Work cat.: (OSt)490234: Seminar on Exports of Machine Tools (Calcutta India), Conclusions and recommendations, 1967
